Noites de anto (Registo nº 201329)

Detalhes MARC
000 -Etiqueta do registo
Valores 00652nam 22002053 4500
021 ## - Número do Depósito Legal
Código do país Portugal
100 ## - Dados gerais de processamento
Dados gerais 20240516d u||y0pory50 ba
200 ## - Titulo e menção de responsabilidade
Título próprio Noites de anto
Informação de outro título alegoria em sete quadros
Primeira menção de responsabilidade Mário Cláudio
210 ## - Publicação
Local de publicação Lisboa
Nome do editor Rolim
Data de publicação 1988
215 ## - Descrição física 
Paginação / Volumes 92, [3] p.
Outras indicações físicas brochado
Dimensões 21 cm
225 ## - Colecção 
Título próprio da colecção Palco
Outras menções de responsabilidade Direcção de colecção Sara Góis
300 ## - Notas gerais 
Texto da nota Contém dedicatória do escritor ao Prof. Almeida Faria
606 ## - Nome comum usado como assunto
ID Autoridade 24
Palavra de ordem Literatura Portuguesa
Subdivisão assunto Teatro
675 ## - CDU
Notação 821.134.3-2
Edição PT
Língua por
700 ## - Autor principal (pessoa individual)
ID Autoridade 3761
Apelido Cláudio
Nome Mário
Datas 1941-
801 ## - Fonte de origem
País PT
Agência BMMN
Regras de catalogação RPC
830 ## - Notas gerais do catalogador
Criado por Ana Falardo
Indexado por Ana Falardo
990 ## - Elementos KOHA
Tipo de documento Livro
Exemplares
Situação do levantamento Biblioteca de origem Código de barras Cota Permissão de empréstimo Tipo de documento Nota relativa ao exemplar Forma de aquisição
  Biblioteca Municipal de Montemor-o-Novo 30648 821.134.3-2 CLA|SAF   Livro Acesso condicionado Oferta

Powered by Koha